000 00621nac a22002051u 4500
010 _a94072767
020 _a1567615880 (pbk.) :
035 _a(OCoLC)32064360
082 0 0 _a025.04
_bKRA
090 _c9347
_d9347
100 _aKraynak, Joe.
245 1 4 _aThe complete idiot's guide to Mosaic /
_cby Joe Kraynak.
260 _aIndianapolis, IN :
_bAlpha Books,1995.
_cc1995.
300 _axvi, 278p. :
_bill. ;
_c23 cm.
500 _aIncludes index.
500 _aDistributer: Al-Ahram
511 _aCatalogued by: Sara
650 0 _aInternet.
942 _cBB
_k025.04KRA
999 _c9347
_d9347